000 00791nab a2200241 u 4500
001 16391
003 HDC
007 cr bn ---aaaaa
008 210220c20121023xx dr|noo 0 a eng d
040 _aHDC
245 0 _aInternational Distributors Wanted for Halal Toiletries Brand
260 _a[No place] :
_b[publisher not identified],
_c2012
336 _atext
_2rdacontent
337 _acomputer
_2rdamedia
338 _aonline resource
_2rdacarrier
650 _aHalal products
_9642
650 _aPersonal Care
_96084
710 _aHalal Focus
856 _zRequest full-text at [email protected]
942 _2lcc
942 _cNEWS
942 _kNWSO 005704
999 _c13707
_d13707